00754nam a2200241 a 450000100060000000300080000600500170001400800410003102000150007203500190008704000320010604100080013808200220014610000250016824500590019326000390025230000250029149000410031650400260035765000270038365000270041083000750043751107BD-RjUL20211209075618.0160829s1971 nyu b 001 0 eng  a0387900225 a(BD-RjUL)51227 aDLCcDLCdDLCdBD-RjULbeng aeng00a515.234bSIT 19711 aSirovich, L.,d1933-10aTechniques of asymptotic analysis /c[by] L. Sirovich. aNew York:bSpringer-Verlag,c1971. aix, 306 p. ;c26 cm.1 aApplied mathematical sciences,vv. 2 aBibliography: p. 301. 0aMathematical analysis. 0aAsymptotic expansions. 0aApplied mathematical sciences (Springer-Verlag New York Inc.) ;vv. 2.